Successful onboarding : (Record no. 49536)
[ view plain ]
| 000 -LEADER | |
|---|---|
| fixed length control field | 01616nam a22002897a 4500 |
| 005 - DATE AND TIME OF LATEST TRANSACTION | |
| control field | 20101227123531.0 |
| 008 - FIXED-LENGTH DATA ELEMENTS--GENERAL INFORMATION | |
| fixed length control field | 101227t xxu||||| |||| 00| 0 eng d |
| 010 ## - LCCN (DPL NO) | |
| LC control number | ENG-101871 |
| 020 ## - INTERNATIONAL STANDARD BOOK NUMBER | |
| International Standard Book Number | 9780071071024 |
| Terms of availability | 550.00 |
| 035 ## - SYSTEM CONTROL NUMBER | |
| System control number | EN-85404 |
| 037 ## - SOURCE OF ACQUISITION | |
| Source of stock number/acquisition | DBAD/PUB |
| 040 ## - CATALOGING SOURCE | |
| Original cataloging agency | dpl |
| Language of cataloging | Eng |
| 082 ## - DEWEY DECIMAL CLASSIFICATION NUMBER | |
| Classification number | 658.31242 |
| 100 ## - MAIN ENTRY--PERSONAL NAME | |
| 9 (RLIN) | 25104 |
| Personal name | Stein, Mark A. |
| 245 ## - TITLE STATEMENT | |
| Title | Successful onboarding : |
| Statement of responsibility, etc | by Mark A. Stein [and] Lilith Christiansen |
| Remainder of title | a strategy to unlock hidden value within your organization / |
| 260 ## - PUBLICATION, DISTRIBUTION, ETC. (IMPRINT) | |
| Place of publication, distribution, etc | New Delhi |
| Name of publisher, distributor, etc | Tata McGraw Hill |
| Date of publication, distribution, etc | 2010 |
| 270 ## - ADDRESS | |
| Address | 7 West Patel Nagar |
| City | New Delhi |
| Postal code | 110008 |
| 300 ## - PHYSICAL DESCRIPTION | |
| Extent | vii, 278 p. |
| Dimensions | 23cm (Hb) |
| 500 ## - GENERAL NOTE | |
| General note | Includes index |
| 505 ## - FORMATTED CONTENTS NOTE | |
| Formatted contents note | The business case for onboarding -- The state of the art : essentials of strategic onboarding -- Teaching culture so that our new hires "get it" -- Connections that count : empowering employees by nurturing valuable relationships -- Personal progress and prospect : early career support -- Limited upside in flying blind : driving strategic insight and impact -- The onboarding margin life support system : administration and governance -- Getting started : conducting a program diagnostic -- Driving implementation : from blueprint to impact. |
| 650 ## - SUBJECT ADDED ENTRY--TOPICAL TERM | |
| 9 (RLIN) | 25107 |
| Topical term or geographic name as entry element | Employee orientation. |
| 650 ## - SUBJECT ADDED ENTRY--TOPICAL TERM | |
| 9 (RLIN) | 25108 |
| Topical term or geographic name as entry element | Employees |
| General subdivision | Recruiting. |
| 650 ## - SUBJECT ADDED ENTRY--TOPICAL TERM | |
| 9 (RLIN) | 25109 |
| Topical term or geographic name as entry element | Employee motivation. |
| 700 ## - ADDED ENTRY--PERSONAL NAME | |
| 9 (RLIN) | 25105 |
| Personal name | Lilith, Christiansen |
| 942 ## - ADDED ENTRY ELEMENTS (KOHA) | |
| Source of classification or shelving scheme | Dewey Decimal Classification |
| Item type | English Books |
| Classification part | 658.31242 |
| Call number suffix | STE |
| Withdrawn status | Lost status | Source of classification or shelving scheme | Damaged status | Not for loan | Collection code | Home library | Current library | Date acquired | Source of acquisition | Cost, normal purchase price | Total Checkouts | Full call number | Barcode | Date last seen | Copy number | Cost, replacement price | Koha item type |
|---|---|---|---|---|---|---|---|---|---|---|---|---|---|---|---|---|---|
| Dewey Decimal Classification | Not For Loan | Non-fiction | D.B.Act.Division | D.B.Act.Division | 27/12/2010 | DBAD/PUB | 550.00 | 658.31242 STE | EN-85404 | 27/12/2010 | 1 | 550.00 | English Books |
